000 00742nam a2200181 4500
999 _c17525
_d17525
008 221104b ||||| |||| 00| 0 eng d
020 _a9781266108334
082 _22023
_aDC 658.4/03
_bT12
100 _aTaddy, Matt.
_946605
245 _aModern business analytics :
_bpractical data science for decision-making /
_cMatt Taddy, Leslie Hendrix and Matthew C. Harding.
260 _aNew York :
_bMcGrawHill,
_c©2023.
300 _axxii, 442 pages :
_billustrations ;
_c25 cm.
500 _aIncludes appendices, bibliographical references, glossary and index.
650 _aDecision making
_xEconometric models.
_946606
700 _aHendrix, Leslie.
_eauthor.
_946607
700 _aHarding, Matthew C.,
_eauthor.
_946608
942 _2ddc
_cDC